00480cam a22001217a 4500008004000000082001400040245010100054260003500155300000900190700005300199999001900252952008700271180718b1984 xxu||||| |||| 00| 0 eng d aL8 Un3acc aAccural accounting in developing countriescby Department of Economic and Social Affairs, U.S.A. aNew YorkbUnited Nationsc1984 a62p. aU.S.A. Department of Economic and Social Affairs c500618d500618 00104070aIIPAbIIPAd2018-08-04oL8 Un3accpGG19917r2018-08-04w2018-08-04yGG